Non-Self-Governing Territories on the Map - Statistics

General Stats
  • This quiz has been taken 218 times
  • The average score is 12 of 17
Answers on the Map
Answers color-coded by a green-red scale on the quiz's map according to % correct below.
 
Answer Stats
Territory % Correct
Gibraltar
95%
Western Sahara
92%
Falkland Islands
90%
Bermuda
89%
British Virgin Islands
82%
US Virgin Islands
82%
Guam
75%
Saint Helena
73%
Cayman Islands
69%
American Samoa
67%
New Caledonia
66%
French Polynesia
63%
Turks and Caicos Islands
63%
Montserrat
62%
Pitcairn Islands
59%
Anguilla
54%
Tokelau
35%
No matching quizzes found
Score Distribution
Percent of People with Each Score
Percentile by Number Answered
Your Score History
You have not taken this quiz